000
00395nam a2200145Ia 4500
008
100204s9999 xx 000 0 und d
082
_b
19962
100
_a
काकडे द. स.
245
_a
वंश
260
_b
"चंद्र्रमौळी प्रकाशन , पुणे"
_c
1997
300
_a
160
630
_a
वंश
730
_a
वंश
942
_c
BOOK
999
_c
464384
_d
464381